000 00307nam a22001337a 4500
008 180921b xxu||||| |||| 00| 0 eng d
020 _a0134487125
041 _aeng
080 _a810
100 _a21
101 _aGJL
245 _aI always look up the word "E-gre-gious"
_cNurnberg,M
942 _2udc
_cBK
999 _c48216
_d48216